Top 20 Most Populated Countries in Asia - Statistics

General Stats
  • This quiz has been taken 49 times
  • The average score is 18 of 20
Answer Stats
Population Answer % Correct
1,425M China
100%
1,442M India
100%
279M Indonesia
98%
89M Iran
98%
122M Japan
98%
245M Pakistan
98%
174M Bangladesh
95%
46M Iraq
95%
71M Thailand
95%
119M Philippines
93%
51M South Korea
93%
86M Turkey
93%
37M Saudi Arabia
91%
99M Vietnam
89%
34M Malaysia
86%
54M Myanmar
86%
43M Afghanistan
84%
31M Nepal
82%
35M Yemen
80%
35M Uzbekistan
77%
No matching quizzes found
Score Distribution
Percent of People with Each Score
Percentile by Number Answered
Your Score History
You have not taken this quiz